Further progress in Chemara ethrel experiments (Record no. 59680)

MARC details
000 -LEADER
fixed length control field 00361nam a2200121Ia 4500
100 ## - MAIN ENTRY--AUTHOR NAME
Personal name Tan H T
245 #0 - TITLE STATEMENT
Title Further progress in Chemara ethrel experiments
260 ## - PUBLICATION, DISTRIBUTION, ETC. (IMPRINT)
Name of publisher Proceedings of the RRIM Planters Conference, Kuala Lumpur, 1973; p152-178
650 ## - SUBJECT ADDED ENTRY--TOPICAL TERM
Topical Term Tapping system
700 ## - ADDED ENTRY--PERSONAL NAME
Personal name Menon C M
942 ## - ADDED ENTRY ELEMENTS (KOHA)
Koha item type Journals
Holdings
Withdrawn status Lost status Damaged status Not for loan Home library Current library Shelving location Date acquired Koha item type
      Journals RRII Library RRII Library Physiology 17/12/2021 Journals